000 01259nam a22002297a 4500
999 _c59714
_d59714
003 Ge_BSU
005 20230405122050.0
008 230405s1991 ge ||||| |||| 00| 0 geo d
041 _ageo
080 _a902.2(479.22) 903"63"(479.22) ჯ-26
100 _aჯაფარიძე, ოთარ
_917490
245 _aსაქართველოს არქეოლოგია :
_bქვისა და ბრინჯაოს ხანა /
_cოთარ ჯაფარიძე.
264 _aთბილისი :
_bთბილ. უნ-ტის გამ-ბა,
_c1991.
300 _a444 გვ. :
_b40ფ. ილ. ;
_c 26 სმ.
500 _aპარალ სათ. რუს და ფრან. ენაზე
504 _aბიბლოგრ. : 338-341 ბიბლიოგრ. სახელთა საძიებ. გვ. 433-440
653 _aარქეოლოგიური გათხრები საქართველში
653 _aქვის ხანა საქართველოში
653 _aბრინჯაოს ხანა საქართველოში
700 _aავალიშვილი, გ.
_eრედაქტორი
_917491
942 _2udc
_cBK